Data Hiding:Exposing Concealed Data in Multimedia, Operating Systems, Mobile Device and Network Protocols (Record no. 10842)
[ view plain ]
| 000 -LEADER | |
|---|---|
| fixed length control field | 00473nam a22001697a 4500 |
| 003 - CONTROL NUMBER IDENTIFIER | |
| control field | OSt |
| 008 - FIXED-LENGTH DATA ELEMENTS--GENERAL INFORMATION | |
| fixed length control field | 210814b ||||| |||| 00| 0 eng d |
| 020 ## - INTERNATIONAL STANDARD BOOK NUMBER | |
| International Standard Book Number | 9781597497435 |
| 082 ## - DEWEY DECIMAL CLASSIFICATION NUMBER | |
| Classification number | 621.381959 RAD |
| 100 ## - MAIN ENTRY--PERSONAL NAME | |
| Personal name | RAGGO,Michael |
| 245 ## - TITLE STATEMENT | |
| Title | Data Hiding:Exposing Concealed Data in Multimedia, Operating Systems, Mobile Device and Network Protocols |
| 260 ## - PUBLICATION, DISTRIBUTION, ETC. (IMPRINT) | |
| Place of publication, distribution, etc | New Delhi |
| Name of publisher, distributor, etc | Elsevier |
| Date of publication, distribution, etc | 2013 |
| 300 ## - PHYSICAL DESCRIPTION | |
| Extent | 245 |
| 650 ## - SUBJECT ADDED ENTRY--TOPICAL TERM | |
| Topical term or geographic name as entry element | CSECS |
| 700 ## - ADDED ENTRY--PERSONAL NAME | |
| Personal name | HOSMER,Chet |
| 942 ## - ADDED ENTRY ELEMENTS (KOHA) | |
| Source of classification or shelving scheme | Dewey Decimal Classification |
| Koha item type | Text Books |
| Withdrawn status | Lost status | Source of classification or shelving scheme | Damaged status | Not for loan | Collection code | Home library | Current library | Date acquired | Source of acquisition | Currency | Cost, normal purchase price | Bill Number | Total Checkouts | Full call number | Acc. no. / Barcode | Date last seen | Actual Cost, discounted price | Bill Date | Koha item type |
|---|---|---|---|---|---|---|---|---|---|---|---|---|---|---|---|---|---|---|---|
| Dewey Decimal Classification | Computer Science & Engineering in Cyber Security | PIET C-LIBRARY | PIET C-LIBRARY | 12/07/2021 | Kirti Praskshan | IN Rupees | 3856.00 | INT/212210159 | 621.381959 RAD | 33139 | 14/08/2021 | 2930.66 | 12/07/2021 | Text Books | |||||
| Dewey Decimal Classification | Computer Science & Engineering in Cyber Security | PIET C-LIBRARY | PIET C-LIBRARY | 12/07/2021 | Kirti Praskshan | IN Rupees | 3856.00 | INT/212210159 | 621.381959 RAD | 33140 | 14/08/2021 | 2930.66 | 12/07/2021 | Text Books |